| 000 | 00000nas 2200000za 4500 |
| 001 | 9.500824 |
| 003 | CaOODSP |
| 005 | 20231114150639 |
| 007 | cr ||||||||||| |
| 008 | 150406d20002002xxc|| p o||||f| |0fre|d |
| 022 | |a1497-1615 |
| 040 | |aCaOODSP|bfre |
| 043 | |an-cn--- |
| 086 | 1 |aR12-100F-PDF |
| 245 | 00|aCercles de lumière. |
| 264 | 1|aOttawa, Ontario : |bAffaires indiennes et du Nord, |c2000-2002. |
| 310 | |aMensuel |
| 362 | 1 |aParaît depuis n° 1 (avril 2000); ne paraît plus après n° 18 (février-mars 2002). |
| 691 | 07|aAutochtones|2gcpds |
| 710 | 1 |aCanada.|bAffaires indiennes et du Nord, |eorganisme de publication. |
| 775 | 08|tCircles of light.|w(CaOODSP)9.504394 |
| 776 | 0#|tCircles of light |w(CaOODSP)9.508632 |
| 776 | 0#|tCercles de lumière |w(CaOODSP)9.508633 |